000 00729nam a22001935i 4500
001 158324
003 ES-MaACL
005 20250902193514.0
008 950111s1821 sp |||| | spa d
040 _aCLM
_bspa
100 0 _aM.R.
_9129269
245 1 0 _aInstituciones del derecho natural y de gentes /
_cescritas en francés por M.R. ; las publica Marcial Antonio Lopez.
260 _aMadrid :
_b[s.n.],
_c1821 (
_fImprenta de la Compañía, por su regente Juan José Sigüenza y Vera...)
300 _a2 v. ;
_c16 cm.
650 7 _aDerecho natural
_2embne
_911744
700 1 _aLópez, Marcial Antonio,
_dm.1875
_9150593
852 _aES-MaACL
_jG-10985
_z-- Enc. hol.
_q-- Sólo T. II
999 _c158324
_d158324